000 00770nam a2200229 4500
001 122057
003 ES-MaACL
007 t|
008 070214s1982 sp r ||||1| spa d
245 0 0 _aPoemas
_b: (primera selección de nuevas voces) /
_cLola Dean, Pilar Monzón, Amaranta Ortega, Mari Carmen Tobajas.
250 _a1ª ed.
260 _aMadrid :
_bTorremozas,
_c1982.
300 _a94 p. ;
_c17 cm.
490 1 _aCol. de poesía de mujeres ;
_v1
700 1 _aDean, Lola.
_943096
700 1 _aMonzón, Pilar.
_982777
700 1 _aOrtega, Amaranta.
_987393
700 1 _aTobajas, Mari Carmen.
_9110368
830 0 0 _aColección Torremozas de poesía de mujeres
_v1
_9177494
852 _aES-MaACL
_jL-5407
_bR.105843
999 _c122057
_d122057